[Event "Asian-ch Amateur"]
[Site "Isfahan"]
[Date "2016.11.15"]
[Round "5.7"]
[White "Vahidi, Mohammad"]
[Black "Mohammadpour, Afshin"]
[Result "1-0"]
[WhiteElo "2017"]
[BlackElo "2071"]
[PlyCount "100"]
[EventDate "2016.11.12"]
[EventType "swiss"]
[EventRounds "9"]
[EventCountry "IRI"]
[SourceTitle "EXT 2024"]
[Source "ChessBase"]
[SourceDate "2023.10.10"]
[SourceVersion "1"]
[SourceVersionDate "2023.10.10"]
[SourceQuality "1"]

1. d4 Nf6 2. Nf3 g6 3. Bf4 Bg7 4. e3 0-0 5. h3 d5 6. Nbd2 c5 7. c3 Qb6 8. Qb3 Nc6 9. Be2 c4 10. Qc2 Bf5 11. Qc1 Qd8 12. 0-0 b5 13. b3 Qd7 14. Re1 Rfc8 15. a4 a6 16. Qb2 h6 17. Bf1 g5 18. Bh2 g4 19. hxg4 Nxg4 20. Bg3 e5 21. axb5 axb5 22. Rxa8 Rxa8 23. Ra1 Rxa1 24. Qxa1 Qb7 25. b4 exd4 26. exd4 Qa7 27. Qxa7 Nxa7 28. Be2 Nc6 29. Bd6 h5 30. Nh4 Be6 31. Nf1 Bh6 32. f4 Nf6 33. Ng3 Bg4 34. Bxg4 hxg4 35. Nhf5 Kh7 36. Kf2 Ne8 37. Ke3 Nd8 38. Be7 Nc6 39. Nxh6 Kxh6 40. Bh4 Ng7 41. f5 Nh5 42. Nxh5 Kxh5 43. Bf6 g3 44. Kf4 Kh6 45. Kxg3 Nb8 46. Kf4 Nd7 47. Bd8 Kh7 48. g4 Kh6 49. Bg5+ Kg7 50. Be7 Kh6 1-0

[Event "Arak op 15th"]
[Site "Arak"]
[Date "2016.08.14"]
[Round "6"]
[White "Roohi, Abdolmajid"]
[Black "Mohammadpour, Afshin"]
[Result "1/2-1/2"]
[WhiteElo "2205"]
[BlackElo "2061"]
[PlyCount "84"]
[EventDate "2016.08.11"]
[EventType "swiss"]
[EventRounds "11"]
[EventCountry "IRI"]
[SourceTitle "CBM 173 Extra"]
[Source "ChessBase"]
[SourceDate "2016.08.29"]
[SourceVersion "1"]
[SourceVersionDate "2016.08.29"]
[SourceQuality "1"]

1. d4 Nf6 2. g3 e6 3. c4 d5 4. Bg2 Be7 5. Nf3 0-0 6. 0-0 b6 7. cxd5 exd5 8. Nc3 Bb7 9. Bg5 Na6 10. Rc1 c5 11. e3 h6 12. Bxf6 Bxf6 13. Qe2 Qe7 14. Rfd1 Rad8 15. b3 g6 16. Na4 cxd4 17. Nxd4 Nc5 18. Nc3 Rfe8 19. h4 h5 20. Qc2 Qd6 21. Ndb5 Qe5 22. Nxa7 g5 23. hxg5 Qxg5 24. Nab5 Re7 25. Nd4 Rxe3 26. fxe3 Qxe3+ 27. Kh2 Bxd4 28. Ne2 Bf6 29. Qf5 Ne4 30. Qf3 Qg5 31. Qf4 Qxf4 32. Nxf4 Nf2 33. Rd2 Ng4+ 34. Kh1 h4 35. Rc7 Ba8 36. Nxd5 Kg7 37. Rcc2 Bxd5 38. Rxd5 Rh8 39. Rd3 Nf2+ 40. Rxf2 hxg3+ 41. Kg1 gxf2+ 42. Kxf2 Rd8 1/2-1/2

[Event "Rasht op"]
[Site "Rasht"]
[Date "2015.08.18"]
[Round "7"]
[White "Omidi, Arya"]
[Black "Mohammadpour, Afshin"]
[Result "1-0"]
[WhiteElo "2257"]
[BlackElo "2065"]
[PlyCount "158"]
[EventDate "2015.08.14"]
[EventType "swiss"]
[EventRounds "11"]
[EventCountry "IRI"]
[SourceTitle "EXT 2016"]
[Source "ChessBase"]
[SourceDate "2015.10.08"]
[SourceVersion "1"]
[SourceVersionDate "2015.10.08"]
[SourceQuality "1"]

1. d4 e6 2. Nf3 Nf6 3. g3 b6 4. Bg2 Bb7 5. 0-0 Be7 6. c4 0-0 7. Nc3 Ne4 8. Qc2 Nxc3 9. Qxc3 f5 10. h4 Bf6 11. Qd3 Be4 12. Qd1 Qe7 13. Ne1 Bxg2 14. Nxg2 d6 15. Qd3 Nd7 16. Bd2 e5 17. dxe5 Nxe5 18. Qc2 Qf7 19. b3 Nc6 20. Rad1 Rae8 21. Be3 g6 22. Qd2 Ne5 23. Bf4 Nd7 24. Bh6 Bg7 25. Bxg7 Kxg7 26. Nf4 Nc5 27. Nd5 Ne4 28. Qb2+ Kg8 29. Kg2 Nf6 30. Nf4 Qe7 31. Rh1 Ng4 32. Qd4 Qe4+ 33. Qxe4 Rxe4 34. e3 Nf6 35. Rd3 a5 36. Rc1 Ra8 37. Nd5 Nxd5 38. cxd5 Ra7 39. f3 Re5 40. h5 gxh5 41. Rh1 a4 42. b4 a3 43. Rxh5 Kg7 44. Rh4 Kg6 45. Kf2 Ra4 46. Rdd4 h5 47. Rh1 Ra8 48. Rc1 Re7 49. Rc3 Ra7 50. Ke2 Kf6 51. Rh4 Kg6 52. Kd3 Re5 53. Rd4 Re7 54. Rc2 Kf6 55. Rf4 Kg6 56. e4 fxe4+ 57. fxe4 Ra8 58. Rcf2 Rae8 59. Kd4 Re5 60. R2f3 Ra8 61. Rf6+ Kg5 62. R6f4 Kg6 63. Rc3 Ra7 64. Kc4 Re7 65. Kb5 Ra8 66. Kc6 Ra4 67. Rc4 Ra7 68. Rf8 Rg7 69. Rf4 Kh7 70. Rf3 Re7 71. Rcc3 Ra4 72. Kb5 Ra8 73. Rxa3 Rxa3 74. Rxa3 Rxe4 75. Rc3 Rd4 76. Rxc7+ Kg6 77. Rd7 Rxd5+ 78. Kxb6 Rd3 79. a4 Rxg3 1-0